| 000 | 00684nam a2200205 a 4500 | ||
|---|---|---|---|
| 001 | 000007246 | ||
| 005 | 20200929154116.0 | ||
| 008 | 090907s1981 dr a 000 0 spa d | ||
| 040 |
_aDO-SdBNP _bspa _cBNPHU |
||
| 082 |
_a617.43 _bA211a |
||
| 100 | 1 |
_aAdams R., Juan B. _920105 |
|
| 245 | 1 | 0 |
_aAlgunas notas en cirugía digestiva / _cJuan B. Adams R. |
| 260 |
_aSanto Domingo : _bAlfa y Omega, _c1981. |
||
| 300 |
_a131 p. : _bil. ; _c22 cm. |
||
| 504 | _aBibliografía : p. 128-131 | ||
| 650 | 4 |
_aAbdomen _xCirugía del abdomen _920106 |
|
| 650 | 4 |
_aEnfermedades del aparato digestivo _920107 |
|
| 650 | 4 |
_aOperaciones quirúrgicas. _920108 |
|
| 910 | _aValidado. Control de calidad. MFF | ||
| 999 |
_c7027 _d7027 |
||